American international oil policy : (Record no. 14595)

MARC details
000 -LEADER
fixed length control field 01036cam a2200313 a 4500
001 - CONTROL NUMBER
control field 4298341
003 - CONTROL NUMBER IDENTIFIER
control field 000
005 - DATE AND TIME OF LATEST TRANSACTION
control field 20170726145000.0
007 - PHYSICAL DESCRIPTION FIXED FIELD--GENERAL INFORMATION
fixed length control field 000
008 - FIXED-LENGTH DATA ELEMENTS--GENERAL INFORMATION
fixed length control field 861215s1987 nyua b 001 0 eng
010 ## - LIBRARY OF CONGRESS CONTROL NUMBER
LC control number 86031583
020 ## - INTERNATIONAL STANDARD BOOK NUMBER
International Standard Book Number 0312004656 :
Terms of availability $25.00 (est.)
040 ## - CATALOGING SOURCE
Original cataloging agency UOEL
Transcribing agency DLC
Modifying agency DLC
043 ## - GEOGRAPHIC AREA CODE
Geographic area code n-us---
050 00 - LIBRARY OF CONGRESS CALL NUMBER
Classification number HD9566
Item number .B87 1987
082 00 - DEWEY DECIMAL CLASSIFICATION NUMBER
Classification number 333.8/232/0973
Edition number 19
100 2# - MAIN ENTRY--PERSONAL NAME
Personal name Bull-Berg, Hans Jacob.
245 10 - TITLE STATEMENT
Title American international oil policy :
Remainder of title causal factors and effect /
Statement of responsibility, etc. Hans Jacob Bull-Berg.
260 ## - PUBLICATION, DISTRIBUTION, ETC. (IMPRINT)
Place of publication, distribution, etc. New York :
Name of publisher, distributor, etc. St. Martin's Press,
Date of publication, distribution, etc. 1987.
300 ## - PHYSICAL DESCRIPTION
Extent xvi, 209 p. :
Other physical details ill. ;
Dimensions 23 cm.
500 ## - GENERAL NOTE
General note Includes index.
504 ## - BIBLIOGRAPHY, ETC. NOTE
Bibliography, etc Bibliography: p. [191]-201.
650 #0 - SUBJECT ADDED ENTRY--TOPICAL TERM
Topical term or geographic name as entry element Petroleum industry and trade
General subdivision Government policy
Geographic subdivision United States.
Topical term or geographic name as entry element National security
Geographic subdivision United States.
651 #0 - SUBJECT ADDED ENTRY--GEOGRAPHIC NAME
Geographic name United States
General subdivision Economic policy
Chronological subdivision 1981-1993.
Geographic name United States
General subdivision Foreign economic relations.
906 ## - LOCAL DATA ELEMENT F, LDF (RLIN)
a 7
b cbc
c orignew
d 1
e ocip
f 19
g y-gencatlg
942 ## - ADDED ENTRY ELEMENTS (KOHA)
Source of classification or shelving scheme Library of Congress Classification
Koha item type SES Book
Holdings
Withdrawn status Lost status Source of classification or shelving scheme Damaged status Not for loan Home library Current library Shelving location Date acquired Total Checkouts Full call number Barcode Date last seen Copy number Price effective from Koha item type
    Library of Congress Classification     UOE Main Library UOE Main Library Open shelf 26/07/2017   HD9566 .B87 1987 10004858 27/04/2026 10004858 26/07/2017 SES Book